[Event "Open Nuevo Centro. Jornada 5"]
[Site "Chess.com"]
[Date "2020.07.17"]
[Round "9"]
[White "Reig Albero, Ferran"]
[Black "Gimeno Higueras, Roberto"]
[Result "1-0"]
[WhiteElo "1866"]
[BlackElo "2052"]
[PlyCount "129"]
[EventDate "2020.??.??"]

1. e4 c6 2. Nf3 d5 3. Nc3 Nf6 4. e5 Ne4 5. d4 e6 6. Ne2 c5 7. c3 Nc6 8. Ng3
Nxg3 9. hxg3 cxd4 10. cxd4 Qb6 11. b3 Bd7 12. Be2 Bb4+ 13. Kf1 Rc8 14. Be3 h6
15. g4 Kd8 16. g5 Kc7 17. gxh6 gxh6 18. Rxh6 Rxh6 19. Bxh6 Rh8 20. Be3 Rh1+ 21.
Ng1 Kb8 22. g3 Qd8 23. Kg2 Qh8 24. Bg4 Qh2+ 25. Kf3 Bc3 26. Rc1 Nxd4+ 27. Bxd4
Bxd4 28. Qxd4 Rxg1 29. Rxg1 Qxg1 30. Qc5 Qd1+ 31. Kf4 Qd2+ 32. Kf3 Bc6 33. Qf8+
Kc7 34. Qxf7+ Kb6 35. Kg2 d4+ 36. Bf3 Bxf3+ 37. Qxf3 d3 38. Qf6 a6 39. Qxe6+
Ka7 40. Qd6 Qc2 41. e6 d2 42. e7 Qe4+ 43. Kh2 Qxe7 44. Qxe7 d1=Q 45. Qe3+ Kb8
46. a4 Qd5 47. g4 Qd6+ 48. Kh3 Qd5 49. g5 Qh1+ 50. Kg4 Qd1+ 51. Kf5 Qb1+ 52.
Kf6 Qb2+ 53. Kf7 Qc2 54. Qe5+ Ka8 55. f4 Qxb3+ 56. Kf6 Qxa4 57. g6 Qc6+ 58. Kg5
a5 59. g7 Qc8 60. f5 a4 61. Qe6 Qd8+ 62. f6 Qd2+ 63. Kg6 Qg2+ 64. Kf7 a3 65.
g8=Q+ 1-0

[Event "Open Nuevo Centro. Jornada 5"]
[Site "Chess.com"]
[Date "2020.07.17"]
[Round "9"]
[White "Sendra Tormo, Juan"]
[Black "Roca Cruz, Rafael"]
[Result "1-0"]
[WhiteElo "2225"]
[BlackElo "1829"]
[PlyCount "119"]
[EventDate "2020.??.??"]

1. e4 c5 2. d4 cxd4 3. c3 d5 4. exd5 Qxd5 5. cxd4 e6 6. Nc3 Bb4 7. Nf3 Nf6 8.
Bd3 O-O 9. O-O Qd8 10. Bg5 Be7 11. Ne5 Nd5 12. Qh5 g6 13. Bxe7 Nxe7 14. Qh6
Qxd4 15. Rfe1 Nbc6 16. Re4 Nf5 17. Qg5 Qd8 18. Qxd8 Rxd8 19. Nxc6 Rxd3 20. Ne5
Rd2 21. Rb1 Bd7 22. Nc4 Rc2 23. Ne5 Bc6 24. Nxc6 bxc6 25. Rc4 Rd8 26. g4 Nh4
27. g5 Rdd2 28. Rxh4 Rxf2 29. Ne4 Rfe2 30. Nf6+ Kf8 31. Nxh7+ Ke7 32. a4 a5 33.
b3 c5 34. Nf6 Rg2+ 35. Kh1 Rxg5 36. Ne4 Re5 37. Rd1 Rb2 38. Nd2 Re2 39. Ne4
Rxb3 40. Nxc5 Rbb2 41. Rh8 Kf6 42. Rf1+ Kg7 43. Rh3 Rbd2 44. Kg1 Rg2+ 45. Kh1
Rge2 46. Nb7 Re4 47. Nxa5 Rxa4 48. Nc6 Raa2 49. Ne5 Rdb2 50. Rxf7+ Kg8 51. Rf1
Kg7 52. Kg1 Rg2+ 53. Kh1 Rgb2 54. Rg3 Rxh2+ 55. Kg1 Kg8 56. Rxg6+ Kh7 57. Rf7+
Kh8 58. Rxe6 Rhg2+ 59. Kf1 Rg8 60. Rh6# 1-0

[Event "Open Nuevo Centro. Jornada 5"]
[Site "Chess.com"]
[Date "2020.07.17"]
[Round "9"]
[White "Gracia Calvo, Andrés"]
[Black "Gómez Alonso, Óscar"]
[Result "0-1"]
[WhiteElo "1800"]
[BlackElo "1848"]
[PlyCount "166"]
[EventDate "2020.??.??"]

1. d4 Nf6 2. Nf3 d5 3. Bf4 c5 4. e3 Nc6 5. c3 Qb6 6. b3 g6 7. Nbd2 Bg7 8. Bd3
Nh5 9. Bg5 h6 10. Bh4 cxd4 11. exd4 Bg4 12. Be2 Bf5 13. Ne5 Nf4 14. O-O Nxe5
15. dxe5 Bxe5 16. Nf3 Nxe2+ 17. Qxe2 Bf6 18. Bxf6 Qxf6 19. Nd4 Bd7 20. Rfe1 e6
21. Nb5 O-O 22. Nd4 Rfe8 23. Rac1 Bc6 24. b4 e5 25. Nf3 e4 26. Nd4 a6 27. Red1
Qe5 28. c4 dxc4 29. Rxc4 Bd5 30. Rc5 b6 31. Rc2 Qe6 32. Rcd2 Qe5 33. Nb3 Bxb3
34. axb3 a5 35. bxa5 bxa5 36. Qc4 Rec8 37. Qe2 Rcb8 38. Qe3 Qe6 39. Qxh6 Re8
40. Rd6 Qf5 41. h3 Rab8 42. Qe3 Rb4 43. g4 Qf3 44. Qxf3 exf3 45. Kh2 Re2 46.
Rd8+ Kg7 47. Kg3 Rxb3 48. Ra8 Ra2 49. Rdd8 Rbb2 50. Rg8+ Kf6 51. Ra6+ Ke7 52.
Rb6 Rxb6 53. h4 Rbb2 54. Kxf3 Rxf2+ 55. Ke4 Rae2+ 56. Kd3 Rd2+ 57. Ke3 Rfe2+
58. Kf3 a4 59. Ra8 Ra2 60. h5 gxh5 61. gxh5 Rh2 62. Ra7+ Kf8 63. Ra8+ Kg7 64.
Kg4 Rag2+ 65. Kf3 Ra2 66. Kg4 Ra1 67. Ra5 a3 68. Ra7 a2 69. h6+ Rxh6 70. Kg5
Rb6 71. Kf5 Rb2 72. Ra3 Rf1+ 73. Ke4 a1=Q 74. Rxa1 Rxa1 75. Ke5 Ra4 76. Kd5
Rb5+ 77. Kc6 Rb1 78. Kc5 Rd1 79. Kb5 Raa1 80. Kc5 Rac1+ 81. Kb4 Rc2 82. Kb3 Rc8
83. Kb2 Rd7 0-1